000
00257nam a22001097a 4500
008
170123b xxu||||| |||| 00| 0 eng d
020
_a
9780077308865
041
_a
eng
080
_a
618.2
245
_a
MATERNAL-CHILD NURSING CARE
_c
WARD, S.L
942
_2
udc
_c
BK
999
_c
3359
_d
3359